Chargement en cours...

Chaucer's the nun's priest's tale

Détails bibliographiques
Auteur principal: Sexena, R.S
Format: Printed Book
Langue:English
Publié: Bareilly : student store , c1970.
LEADER 00431nam a22001217a 4500
008 170327b xxu||||| |||| 00| 0 eng d
100 |a Sexena, R.S 
245 |a Chaucer's the nun's priest's tale 
260 |a Bareilly :  |b student store ,  |c c1970. 
300 |b 262p. 
942 |c BK 
999 |c 197209  |d 197209 
952 |0 0  |1 0  |4 0  |6 821_109000000000000_SEX_C  |7 0  |9 218024  |a ENG  |b ENG  |c ST1  |d 2017-03-27  |i 5081  |l 0  |o 821.109 SEX/C  |p ENG5081  |r 2017-03-27  |w 2018-08-21  |y BK